LEADER 02825nam 2200673 a 450 001 9910463467703321 005 20200520144314.0 010 $a0-292-73597-9 035 $a(CKB)3170000000046059 035 $a(OCoLC)785394708 035 $a(CaPaEBR)ebrary10541110 035 $a(SSID)ssj0000581980 035 $a(PQKBManifestationID)11370816 035 $a(PQKBTitleCode)TC0000581980 035 $a(PQKBWorkID)10540164 035 $a(PQKB)10209428 035 $a(MiAaPQ)EBC3443583 035 $a(MdBmJHUP)muse17563 035 $a(Au-PeEL)EBL3443583 035 $a(CaPaEBR)ebr10541110 035 $a(OCoLC)932314165 035 $a(EXLCZ)993170000000046059 100 $a20110829d2012 uy 0 101 0 $aeng 135 $aurcn||||||||| 181 $ctxt 182 $cc 183 $acr 200 10$aAlexander's veterans and the early wars of the successors$b[electronic resource] /$fby Joseph Roisman 205 $a1st ed. 210 $aAustin $cUniversity of Texas Press$d2012 215 $a1 online resource (281 p.) 225 1 $aFordyce W. Mitchel Memorial Lecture Series 300 $aBibliographic Level Mode of Issuance: Monograph 311 $a0-292-73596-0 320 $aIncludes bibliographical references and index. 327 $aMap of Alexander's Campaigns -- Motives and Bias in the History of Hieronymus of Cardia -- Alexander and Discontent : The King and His Army in India and Opis, Mesopotamia -- The Veterans and the Macedonian Internal Strife in Babylon (323) -- The Dissolution of the Royal Army, I : The Veterans of Perdiccas and Craterus -- The Dissolution of the Royal Army, II : The Veterans of Eumenes, Neoptolemus and Alcetas, and the Meeting in Triparadeisus -- The Veterans, Eumenes, and Antigonus in Asia Minor -- Eumenes and the Silver Shields -- The Silver Shields in Battle and Eumenes' Death. 410 0$aFordyce W. Mitchel Memorial Lecture Series. 606 $aVeterans$zGreece$xHistory$yTo 1500 606 $aGenerals$zGreece$xHistory$yTo 1500 607 $aGreece$xHistory$yMacedonian Hegemony, 323-281 B.C 607 $aGreece$xHistory$yMacedonian Hegemony, 323-281 B.C$xHistoriography 607 $aGreece$xKings and rulers$xSuccession$xHistory$yTo 1500 607 $aGreece$xHistory, Military$yTo 146 B.C 607 $aBabylonia$xHistory, Military 607 $aIndia$xHistory, Military 607 $aTurkey$xHistory, Military 608 $aElectronic books. 615 0$aVeterans$xHistory 615 0$aGenerals$xHistory 676 $a938/.08 700 $aRoisman$b Joseph$f1946-$0182157 801 0$bMiAaPQ 801 1$bMiAaPQ 801 2$bMiAaPQ 906 $aBOOK 912 $a9910463467703321 996 $aAlexander's veterans and the early wars of the successors$92020021 997 $aUNINA LEADER 01729oam 2200433M 450 001 9910716450203321 005 20200213070506.6 035 $a(CKB)5470000002521644 035 $a(OCoLC)1065775713 035 $a(OCoLC)995470000002521644 035 $a(EXLCZ)995470000002521644 100 $a20071213d1927 ua 0 101 0 $aeng 135 $aurcn||||||||| 181 $ctxt$2rdacontent 182 $cc$2rdamedia 183 $acr$2rdacarrier 200 10$aAuthorizing certain officers of the United States Navy to accept from the Republic of Chile the order Almerito. February 2, 1927. -- Committed to the Committee of the Whole House and ordered to be printed 210 1$a[Washington, D.C.] :$c[U.S. Government Printing Office],$d1927. 215 $a1 online resource (1 page) 225 1 $aHouse report / 69th Congress, 2nd session. House ;$vno. 1936 225 1 $a[United States congressional serial set] ;$v[serial no. 8690] 300 $aBatch processed record: Metadata reviewed, not verified. Some fields updated by batch processes. 300 $aFDLP item number not assigned. 606 $aAwards 606 $aNavies$xOfficers 608 $aLegislative materials.$2lcgft 615 0$aAwards. 615 0$aNavies$xOfficers. 701 $aVinson$b Carl$f1883-1981$pDemocrat (GA)$01386838 801 0$bWYU 801 1$bWYU 801 2$bOCLCO 801 2$bOCLCQ 801 2$bOCLCO 906 $aBOOK 912 $a9910716450203321 996 $aAuthorizing certain officers of the United States Navy to accept from the Republic of Chile the order Almerito. February 2, 1927. -- Committed to the Committee of the Whole House and ordered to be printed$93483569 997 $aUNINA